Detalles MARC
| 000 -CABECERA |
| campo de control de longitud fija |
01762nam a22003137a 4500 |
| 003 - IDENTIFICADOR DEL NÚMERO DE CONTROL |
| campo de control |
DO-SdBNP |
| 005 - FECHA Y HORA DE LA ÚLTIMA TRANSACCIÓN |
| campo de control |
20240305121802.0 |
| 007 - CAMPO FIJO DE DESCRIPCIÓN FÍSICA--INFORMACIÓN GENERAL |
| campo de control de longitud fija |
ta |
| 008 - DATOS DE LONGITUD FIJA--INFORMACIÓN GENERAL |
| campo de control de longitud fija |
210702e 2018 dr gr 00| e spa d |
| 020 ## - NÚMERO INTERNACIONAL ESTÁNDAR DEL LIBRO |
| Número Internacional Estándar del Libro |
9789945899641 |
| 040 ## - FUENTE DE LA CATALOGACIÓN |
| Centro catalogador/agencia de origen |
DO-SdBNP |
| Lengua de catalogación |
spa |
| Centro/agencia transcriptor |
BNPHU |
| 041 ## - CÓDIGO DE LENGUA |
| Código de lengua original |
spa |
| 082 #4 - NÚMERO DE LA CLASIFICACIÓN DECIMAL DEWEY |
| Número de clasificación |
342.7293 |
| Número de documento/Ítem |
V156d, 2018 |
| Número de edición |
22 |
| 100 1# - ENTRADA PRINCIPAL--NOMBRE DE PERSONA |
| Nombre de persona |
Valentín Jiminían, Julio César, |
| Fechas asociadas al nombre |
1966- |
| 9 (RLIN) |
15248 |
| 245 10 - MENCIÓN DE TÍTULO |
| Título |
Dimensiones liberales y progresistas de la constitución de 1963 / |
| Mención de responsabilidad, etc. |
Julio César Valentín Jiminián. |
| 250 ## - MENCIÓN DE EDICIÓN |
| Mención de edición |
2a. ed. |
| 260 ## - PUBLICACIÓN, DISTRIBUCIÓN, ETC. |
| Lugar de publicación, distribución, etc. |
Santo Domingo : |
| Nombre del editor, distribuidor, etc. |
Alfa y Omega, |
| Fecha de publicación, distribución, etc. |
2018. |
| 300 ## - DESCRIPCIÓN FÍSICA |
| Extensión |
311 p. ; |
| Dimensiones |
23 cm. |
| 500 ## - NOTA GENERAL |
| Nota general |
Incluye datos biográficos del autor en la solapa de la cubierta |
| 500 ## - NOTA GENERAL |
| Nota general |
Incluye índice onomástico |
| 504 ## - NOTA DE BIBLIOGRAFÍA, ETC. |
| Nota de bibliografía, etc. |
Bibliografía : p. 197 - 211 |
| 505 0# - NOTA DE CONTENIDO CON FORMATO |
| Título |
Dedicatoria.-- |
| -- |
Julio César Valentín y la Constitución de Bosch.-- |
| -- |
Notas del autor.-- |
| -- |
A modo de introducción.-- |
| -- |
I. Liberalismo, Constitución y progreso.-- |
| -- |
II. Notas dominantes del constitucionalismo dominicano.-- |
| -- |
III. Aspiraciones liberales y progresistas del triunfo de Bosch.-- |
| -- |
IV. Matices progresistas de la Carta Magna de 1963. De los enunciados a los hechos concretos. Constitucionalismo social y otros contenidos progresistas: manzana de la discordia. El trabajo, los trabajadores y los excluidos. La familia, la educación y la salud. La propiedad y la economía social. |
| -- |
V. Legado democrático e histórico del constitucionalismo de 1963.-- |
| 590 ## - NOTA LOCAL (RLIN) |
| Nota local |
Inventariado 2021 / MF |
| 651 #4 - PUNTO DE ACCESO ADICIONAL DE MATERIA--NOMBRE GEOGRÁFICO |
| Nombre geográfico |
República Dominicana |
| Subdivisión general |
Constitución (1963) |
| 9 (RLIN) |
1008 |
| 651 #4 - PUNTO DE ACCESO ADICIONAL DE MATERIA--NOMBRE GEOGRÁFICO |
| Nombre geográfico |
República Dominicana |
| Subdivisión general |
Derecho constitucional |
| 9 (RLIN) |
9303 |
| 651 #4 - PUNTO DE ACCESO ADICIONAL DE MATERIA--NOMBRE GEOGRÁFICO |
| Nombre geográfico |
República Dominicana |
| Subdivisión general |
Historia constitucional |
| 9 (RLIN) |
6486 |
| 910 ## - DATOS DE OPCIÓN DEL USUARIO (OCLC) |
| Datos de opción del usuario |
Validado. Control de calidad MFF |
| 942 ## - ELEMENTOS DE PUNTO DE ACCESO ADICIONAL (KOHA) |
| Fuente del sistema de clasificación o colocación |
Dewey Decimal Classification |
| Tipo de ítem Koha |
Libro |